ბათუმის შოთა რუსთაველის სახელმწიფო უნივერსიტეტის ბიბლიოთეკა

ქართულ ხელნაწერთა აღწერილობა : (ბიბ.ჩანაწერი № 52667)

000 -ლიდერი
ფიქსირებული სიგრძის საკონტროლო ველი 01444nam a2200253Ia 4500
001 - საკონტროლო ნომერი
საკონტროლო ველი 19691
003 - საკონტროლო ნომრის იდენტიფიკატორი
საკონტროლო ველი GE_BSU
005 - ბოლო ოპერაციის თარიღი და დრო
საკონტროლო ველი 20200326170517.0
008 - ფიქსირებული სიგრძის მონაცემთა ელემენტები - ზოგადი ინფორმაცია
ფიქსირებული სიგრძის საკონტროლო ველი 181216s1986||||ge |||||||||||||| ||geo||
040 ## - კატალოგიზაციის წყარო
Transcribing agency GE_BSU
041 ## - ენის კოდი
Language code of text/sound track or separate title geo
080 ## - უნივერსალური ათობითი კლასიფიკაციის ინდექსი
Universal Decimal Classification number 091(479.22) ქ-27
245 ## - ცნობა სათაურის შესახებ
Title ქართულ ხელნაწერთა აღწერილობა :
Remainder of title ათონური კოლექცია ნაკვ. 1 /
Statement of responsibility, etc შეადგ. და დასაბეჭდად მოამზადეს : ლ. ახობაძემ და სხვ. ; [რედ. და შესავალი წერილის ავტ. ელ. მეტრეველი]. - მეცნიერება, 1986. - 153 გვ. : ტაბ.. - საძიებლები: გვ. 140-153. -
264 ## - წარმოების, გამოცემის, დისტრიბუციის და სხვა ცნობები
გამოცემის, წარმოების, დისტრიბუციის... ადგილი თბილისი :
გამოცემის, წარმოების, დისტრიბუციის... სახელწოდება მეცნიერება,
გამოცემის, წარმოების, დისტრიბუციის... თარიღი 1986.
300 ## - ფიზიკური აღწერა
Extent 153 გვ. ;
Dimensions 25 სმ.
500 ## - ზოგადი შენიშვნა
General note საძიებლები : გვ. 140-153.
653 ## - INDEX TERM--UNCONTROLLED
Uncontrolled term ქართული ხელნაწერები
653 ## - INDEX TERM--UNCONTROLLED
Uncontrolled term ხელნაწერები
700 ## - ADDED ENTRY--PERSONAL NAME
Personal name მეტრეველი, ელ.
Relator term რედაქტორი
9 (RLIN) 3518
710 ## - ADDED ENTRY--CORPORATE NAME
Corporate name or jurisdiction name as entry element საქ. სსრ მეცნ. აკადემია
9 (RLIN) 7803
710 ## - ADDED ENTRY--CORPORATE NAME
Corporate name or jurisdiction name as entry element კ. კეკელიძის სახ. ხელნაწერთა ინსტიტუტი
9 (RLIN) 7800
942 ## - ADDED ENTRY ELEMENTS (KOHA)
Koha item type წიგნი
Source of classification or shelving scheme
ეგზემპლარები
ჩამოწერის სტატუსი დაკარგული ეგზემპლარის სტატუსი კლასიფიკაციის წყარო ან თაროზე გაწყობის სქემა დაზიანების სტატუსი არ გაიცემა მუდმივი მდებარეობა (დაცვის ადგილი) ამჟამინდელი ადგილსამყოფელი თაროზე განთავსების ადგილი შეძენის თარიღი ღირებულება, შესყიდვის ნორმალური ფასი სრული შენახვის შიფრი შტრიხკოდი ბოლო ოპერაციის თარიღი ეგზემპლარის მიმდევრობითი ნომერი (კეტერი?) ფასის ძალაში შესვლის თარიღი ეგზემპლარის სახეობა საჯარო შენიშვნა
          ბათუმის შოთა რუსთაველის სახელმწიფო უნივერსიტეტის მთავარი ბიბლიოთეკა ბათუმის შოთა რუსთაველის სახელმწიფო უნივერსიტეტის მთავარი ბიბლიოთეკა წიგნსაცავი 2018-12-17 4.00 091(479.22) ქ-27 51936 2018-12-17 51936 2018-12-17 წიგნი 4.00 ლ.
          ბათუმის შოთა რუსთაველის სახელმწიფო უნივერსიტეტის მთავარი ბიბლიოთეკა ბათუმის შოთა რუსთაველის სახელმწიფო უნივერსიტეტის მთავარი ბიბლიოთეკა წიგნსაცავი 2018-12-17 4.00 091(479.22) ქ-27 52020 2018-12-17 52020 2018-12-17 წიგნი 4.00 ლ.